Greece : (Record no. 60735)
[ view plain ]
| 000 -الفاتح | |
|---|---|
| حقل البيانات ثابتة الطول | 00780nam a22002537a 4500 |
| 005 - وقت وتاريخ اخر تعامل مع التسجيلة | |
| رقم الضبط | 20240530110425.0 |
| 008 - عناصر البيانات ثابتة الطول - معلومات عامة | |
| حقل البيانات ثابتة الطول | 150323s2009 gw apo f 000 0 eng d |
| 020 ## - الرقم الدولى المعيارى للكتب | |
| الرقم الدولى المعيارى للكتاب | 9783836510387 (hbk.) |
| 020 ## - الرقم الدولى المعيارى للكتب | |
| الرقم الدولى المعيارى للكتاب | 3836510383 (hbk.) |
| 040 ## - مصدر الفهرسة | |
| وكالة الفهرسة الأصلية | EG-CaGPL |
| وكالة النسخ | EG-CaGPL |
| 082 04 - رقم تصنيف ديوى العشرى | |
| رقم الطبعة | 21 |
| رقم التصنيف | 722.8\ |
| رقم المادة | S G |
| 100 1# - المدخل الرئيسى - إسم شخصى | |
| الإسم الشخصى | Stierlin, Henri. |
| 245 10 - بيان العنوان | |
| العنوان | Greece : |
| بقية العنوان | from Mycenae to the Parthenon / |
| بيان المسئوليه,etc | Henri Stierlin ; photography by Anne and Henri Stierlin. |
| 250 ## - بيان الطبعة | |
| بيان الطبعة | 25th anniversary ed. |
| 260 ## - PUBLICATION, DISTRIBUTION, ETC. (IMPRINT) | |
| تاريخ النشر أو التوزيع | 2009. |
| 300 ## - الوصف المادى | |
| التعداد | 221 p. : |
| تفاصيل ماديه اخرى للوعاء | col. ill. ; |
| أبعاد الوعاء | 31 cm. |
| 490 ## - بيان السلسلة | |
| عنوان السلسلة | World architecture. |
| 500 ## - تبصرة عامة | |
| تبصرة عامة | Previous ed.: 1997. |
| 650 #0 - المدخل الاضافى بالموضوع-مصطلح موضوعى | |
| مصطلح موضوعي | Architecture, Classical. |
| 650 #0 - المدخل الاضافى بالموضوع-مصطلح موضوعى | |
| مصطلح موضوعي | Architecture |
| التقسيم الفرعي الجغرافي | Greece |
| 700 1# - المدخل الاضافى - اسم شخصى | |
| الإسم الشخصى | Stierlin, Anne. |
| 942 ## - عناصر المدخل الإضافي( كوها) | |
| مصدر التصنيف او مخطط الترفيف | Dewey Decimal Classification |
| Koha [default] item type | كتاب |
| 260 ## - PUBLICATION, DISTRIBUTION, ETC. (IMPRINT) | |
| -- | Köln ; |
| -- | London : |
| -- | Taschen, |
| حالة التراجع | حالة الفقد | مصدر التصنيف او خطة الترفيف | حالة تلف | ليس للاعارة | المكان المؤقت | الموقع الحالى | تاريخ الاكتساب | اجمالي اﻻعارات | رقم الطلب | الباركود | تاريخ اخر مشاهدة | تاريخ تفعيل السعر | نوع وعاء كوها |
|---|---|---|---|---|---|---|---|---|---|---|---|---|---|
| ddc | مكتبة القاهرة الكبرى | مكتبة القاهرة الكبرى | 03/23/2015 | 722.8\ S G | 159843 | 03/23/2015 | 03/23/2015 | كتاب |

